| 000 | 00728 a2200181 4500 | ||
|---|---|---|---|
| 003 | NUST | ||
| 005 | 20221228181224.0 | ||
| 040 | _cNust | ||
| 082 | _a355.43,IMP | ||
| 100 |
_aAlford Jonathan _948787 |
||
| 245 |
_aThe Impact of New Military Technology / _cedited by Jonathan Alford |
||
| 260 |
_aPakistan _bNBF _c1962 |
||
| 300 | _a132 p.; | ||
| 505 | _aMilitary Doctrine and Technology (Page-1), New Weapons Technologies (Page-46), Precision guided Weapon (Page-78), Precision guided Munitions and Conventional (Page-95), PGM (Page-111), Military Competition Space (Page-116), New Trends in Air Power (Page-123). | ||
| 600 |
_aAlford Jonathan _948787 |
||
| 650 |
_aMilitary Technology _9106281 |
||
| 942 |
_2ddc _cBK _k355.43,IMP |
||
| 999 |
_c186203 _d186203 |
||